P-adic analysis compared with real

Shranjeno v:
Bibliografske podrobnosti
Glavni avtor: Katok, Svetlana (Author)
Format: Knjiga
Jezik:angleščina
Izdano: Providence American Mathematical Society 2007
Serija:Student Mathematical Library, 37
Teme:
Oznake: Označite
Brez oznak, prvi označite!

MARC

LEADER 00000cam a2200000 a 4500
001 UCF8237
003 CL-VaPUC
008 130808e20070000us |||||||||||||||||eng|d
020 |a 9780821842201 
082 0 4 |a 516.35  |b KAT  |2 21 
100 |a Katok, Svetlana  |e author  |9 570327 
245 1 0 |a P-adic analysis compared with real 
300 |a 152 p 
942 |c BK 
945 |d 20130808 11:32:00  |a cmena 
260 |a Providence  |b American Mathematical Society  |c 2007 
650 0 |a Teoría algebraica de números  |9 887995 
650 7 |a OPERACIONES ARITMETICAS  |2 CL-VaPUC  |9 422079 
650 0 |a Geometría algebraica  |9 270327 
583 |a last modification  |c 20130808 11:32:00  |k Rodrigo Vera 
490 0 |a Student Mathematical Library, 37 
999 |c 352859  |d 352857 
952 |0 0  |1 0  |4 0  |6 516_350000000000000_KAT_2007  |7 0  |8 A  |9 457593  |a BIBMAT  |b BIBMAT  |d 2019-11-22  |i 499308K  |o 516.35 KAT 2007  |p 499308K  |r 2025-01-07  |w 2019-11-22  |y BK  |k MAT